Náboženský cestovný ruch
Náboženský cestovný ruch je súčasťou svetového kultúrneho, resp. kultúrno-poznávacieho cestovného ruchu. Jeho ročný obrat je 18 miliárd USD. Hlavné cirkevné pamiatky navštívi ročne 300 miliónov turistov. Ide o progresívnu formu cestovného ruchu. Vo všeobecnosti platí, že účastníci náboženského cesto...
Uložené v:
| Hlavný autor: | |
|---|---|
| Ďalší autori: | |
| Médium: | Kapitola |
| Jazyk: | Slovak |
| Predmet: | |
| Tagy: |
Žiadne tagy, Buďte prvý, kto otaguje tento záznam!
|
MARC
| LEADER | 00000naa a2200000 4500 | ||
|---|---|---|---|
| 001 | 0176439 | ||
| 005 | 20241025134528.4 | ||
| 041 | 0 | |a slo | |
| 044 | |a SK | ||
| 245 | 1 | 0 | |a Náboženský cestovný ruch |c Alena Reháková, Zlatica Kramárová |
| 520 | |a Náboženský cestovný ruch je súčasťou svetového kultúrneho, resp. kultúrno-poznávacieho cestovného ruchu. Jeho ročný obrat je 18 miliárd USD. Hlavné cirkevné pamiatky navštívi ročne 300 miliónov turistov. Ide o progresívnu formu cestovného ruchu. Vo všeobecnosti platí, že účastníci náboženského cestovného ruchu uprednostňujú etický prístup pred luxusom. Anketa. | ||
| 610 | 2 | 0 | |a náboženstvo |
| 610 | 2 | 0 | |a ruch cestovný |
| 610 | 2 | 0 | |a ruch cestovný pútnický |
| 610 | 2 | 0 | |a služby |
| 610 | 2 | 0 | |a zákazníci |
| 610 | 2 | 0 | |a ceny |
| 610 | 2 | 0 | |a etika |
| 100 | 1 | |a Reháková, Alena | |
| 700 | 1 | |a Kramárová, Zlatica | |